000 00854nam a22001817a 4500
003 UA-OsUOA
001 14668
007 ta
008 20031015b un ||||| |||| 00| 0 ukr d
100 _aЛісковський В.
942 _cSA
040 _aUA-OsUOA
_cUA-OsUOA
_dUA-OsUOA
245 _aУрожай починається з насіння: [Про основні завдання міжобл. семінару з питань насінництва , проведеного з ініціативи фірми "Захід-насіння" , розповідає керівник фірми В.Лісковський]
_cВ. Лісковський; /М.Терешко
300 _aС.2
955 _a0
773 0 _w0
_tВісті Рівненщини
_dРівне
_d2003
_g№59/ 16 лип./
650 7 _aКраєзнавча робота
_2UDC
999 _c300832
_d300832